<?xml version="1.0" encoding="UTF-8"?>
<record
    xmlns:xsi="http://www.w3.org/2001/XMLSchema-instance"
    xsi:schemaLocation="http://www.loc.gov/MARC21/slim http://www.loc.gov/standards/marcxml/schema/MARC21slim.xsd"
    xmlns="http://www.loc.gov/MARC21/slim">

  <leader>02427nab a2200265uuc4500</leader>
  <controlfield tag="001">1253447</controlfield>
  <controlfield tag="005">20240202101815.0</controlfield>
  <controlfield tag="008">110825e20110401                    spa  </controlfield>
  <datafield tag="035" ind1=" " ind2=" ">
    <subfield code="a">1253447</subfield>
  </datafield>
  <datafield tag="035" ind1=" " ind2=" ">
    <subfield code="a">(OCoLC)820602813</subfield>
  </datafield>
  <datafield tag="040" ind1=" " ind2=" ">
    <subfield code="c">comduadb</subfield>
  </datafield>
  <datafield tag="041" ind1=" " ind2=" ">
    <subfield code="a">spa</subfield>
  </datafield>
  <datafield tag="100" ind1="1" ind2="0">
    <subfield code="a">Villegas Echeverri, Juan Jose</subfield>
    <subfield code="4">aut</subfield>
    <subfield code="e">aut</subfield>
    <subfield code="9">627869</subfield>
  </datafield>
  <datafield tag="245" ind1="1" ind2="0">
    <subfield code="a">Papel de la cistoscopia en el estudio de las pacientes con dolor p&#xE9;lvico cr&#xF3;nico: estudio observacional</subfield>
  </datafield>
  <datafield tag="520" ind1="3" ind2=" ">
    <subfield code="a">Objetivo: este estudio busca describir los hallazgos cistosc&#xF3;picos en un grupo de pacientes con dolor p&#xE9;lvico cr&#xF3;nico (DPC) que consultaron a una cl&#xED;nica de referencia en Pereira (Colombia). 
Materiales y m&#xE9;todos: es un estudio de corte transversal en mujeres que consultaron la cl&#xED;nica en el per&#xED;odo comprendido entre julio de 2006 y octubre de 2008, por dolor p&#xE9;lvico cr&#xF3;nico a una instituci&#xF3;n hospitalaria de 4o nivel y centro de remisi&#xF3;n; y que fueron sometidas a laparoscopia y cistoscopia. Por medio de un formulario se extrajeron los datos de las historias cl&#xED;nicas. Tambi&#xE9;n se describe la prevalencia de cistitis intersticial y trigonitis cr&#xF3;nica. 
Resultados: 115 mujeres con DPC fueron sometidas a laparoscopia y cistoscopia bajo anestesia general. El 59% de las pacientes ten&#xED;an hallazgos cistosc&#xF3;picos de cistitis intersticial. Los s&#xED;ntomas de frecuencia urinaria aumentada, disuria y nicturia tuvieron una correlaci&#xF3;n estad&#xED;sticamente significativa con los hallazgos anormales en la cistoscopia. El principal signo hallado en el examen f&#xED;sico fue el dolor al palpar la vejiga. El test de cloruro de potasio tuvo una sensibilidad del 71%, una especificidad del 44%, un Valor Predictivo Positivo (VPP) del 60% y un Valor Predictivo Negativo (VPN) del 57%. 
Conclusiones: en pacientes con dolor p&#xE9;lvico cr&#xF3;nico y s&#xED;ntomas urinarios se encuentra una alta prevalencia de cistitis intersticial y trigonitis cr&#xF3;nica.</subfield>
  </datafield>
  <datafield tag="650" ind1=" " ind2=" ">
    <subfield code="a">Dolor cr&#xF3;nico</subfield>
    <subfield code="9">224760</subfield>
  </datafield>
  <datafield tag="650" ind1=" " ind2=" ">
    <subfield code="a">Cistoscopia</subfield>
    <subfield code="9">38591</subfield>
  </datafield>
  <datafield tag="650" ind1=" " ind2=" ">
    <subfield code="a">Dolor p&#xE9;lvico</subfield>
    <subfield code="9">75069</subfield>
  </datafield>
  <datafield tag="650" ind1=" " ind2=" ">
    <subfield code="a">Cistitis</subfield>
    <subfield code="9">37219</subfield>
  </datafield>
  <datafield tag="700" ind1="1" ind2="0">
    <subfield code="a">Lopez Jaramillo, Jose Duvan</subfield>
    <subfield code="4">aut</subfield>
    <subfield code="e">aut</subfield>
    <subfield code="9">627871</subfield>
  </datafield>
  <datafield tag="700" ind1="1" ind2="0">
    <subfield code="a">Leon Avellaneda, Jose William</subfield>
    <subfield code="4">aut</subfield>
    <subfield code="e">aut</subfield>
    <subfield code="9">627872</subfield>
  </datafield>
  <datafield tag="700" ind1="1" ind2="0">
    <subfield code="a">Restrepo Santa, Lina Marcela</subfield>
    <subfield code="4">aut</subfield>
    <subfield code="e">aut</subfield>
    <subfield code="9">627875</subfield>
  </datafield>
  <datafield tag="773" ind1="0" ind2=" ">
    <subfield code="t">Revista Colombiana de Obstetricia y Ginecolog&#xED;a (Bogot&#xE1;)</subfield>
    <subfield code="g">Volumen 62, N&#xFA;mero 02, Abril-Junio 2011, p. 161-166</subfield>
    <subfield code="w">388877</subfield>
    <subfield code="x">0034-7434</subfield>
    <subfield code="0">110890</subfield>
  </datafield>
  <datafield tag="942" ind1=" " ind2=" ">
    <subfield code="c">ARIMP</subfield>
  </datafield>
  <datafield tag="999" ind1=" " ind2=" ">
    <subfield code="c">581058</subfield>
    <subfield code="d">581058</subfield>
  </datafield>
</record>
